Názory vysokoškolských študentov na extrémistické skupiny

Bibliographic Details
Main Author: Selická, Denisa, 1972- (Author)
Format: Article
Language:Slovak
PhysicalDescription:Grafy
ISSN:1335-1109
Subjects:

MARC

LEADER 00000nab a2200000 ar4500
001 vtls011468466
003 SK-MaSNL
005 20260303212915.0
008 160125c2015 xo qr|p|||an |000 b|slo
015 |a SNBRB2016/01 
038 |a SPK 
040 |a SPKCL  |b slo  |c AACR2  |e AACR2 
041 0 |a slo  |b slo  |b eng 
044 |a xo  |c SK 
072 7 |a 329  |x Politické strany a hnutia  |2 konspekt 
072 7 |a 378  |x Vysoké školy  |2 konspekt 
072 7 |a 316.4/.7  |x Sociálne interakcie  |2 konspekt 
080 |a 329.055  |2 2001 
080 |a 378.011.3-052  |2 2001 
080 |a 316.64  |2 2001 
100 1 |a Selická, Denisa,  |d 1972-  |4 aut  |9 16622 
245 1 0 |a Názory vysokoškolských študentov na extrémistické skupiny  |c Denisa Selická 
300 |b Grafy 
504 |a Bibliogr. odkazy 
546 |a Res. angl., slov. 
650 0 7 |a extrémizmus  |2 snkbucl  |9 4817 
650 0 7 |a subkultúra  |2 snkbucl  |9 4944 
650 0 7 |a vysokoškolskí študenti  |2 snkbucl  |9 3981 
650 0 7 |a názory a postoje  |2 snkbucl  |9 4303 
650 0 7 |a výskum  |2 snkbucl  |9 4238 
773 0 |t Mládež a spoločnosť  |g Roč. XXI, č. 3 (2015), s. 38-53  |x 1335-1109 
852 |a SPK  |b KIS3GCP 
958 |a NB  |2 snkbucl 
999 |c 2209630  |d 2211560